| 000 | 00880cam a2200253 4500 | ||
|---|---|---|---|
| 008 | 020325n2002 000 0 eng u | ||
| 020 | _a013009224X | ||
| 035 | _a(Sirsi) u117219 | ||
| 050 | _a025.4 | ||
| 100 | _aTiwana, A. | ||
| 245 | _aKnowledge management toolkit : orchestrating IT, strategy, and knowledge platforms | ||
| 250 | _a2nd ed. | ||
| 260 |
_aUpper Saddle River _bPrentice-Hall _c2002 |
||
| 300 |
_axix,383p. _bill. _c25cm. |
||
| 350 | _a35.99 | ||
| 520 | _aA practical guide to developing a corporate knowledge management system illustrated throughout with checklists and diagrams. | ||
| 650 | _aMANAGEMENT-BUSINESS MANAGEMENT-INFORMATION MANAGEMENT | ||
| 650 | _aINFORMATION SOURCES | ||
| 650 | _aINFORMATION SYSTEMS | ||
| 650 | _aINTELLECTUAL CAPITAL | ||
| 650 | _aKNOWLEDGE MANAGEMENT | ||
| 690 | _aMANAGEMENT-BUSINESS MANAGEMENT | ||
| 942 | _n0 | ||
| 999 |
_c101961 _d101961 |
||